Erweiterung des Freihandbereichs für Benutzerfilme im Staatsarchiv Chemnitz
| Titel: | Erweiterung des Freihandbereichs für Benutzerfilme im Staatsarchiv Chemnitz |
|---|---|
| Verfasser: | |
| In: |
Sächsisches Archivblatt, Heft 2 (2016), Seite 29 alle Artikel anzeigen |
| Veröffentlicht: | 2016 |
| Format: | Aufsatz |
| Sprache: | Deutsch |
X
alg: 44207924 001A $03036:30-01-19 001B $05000:04-09-24 $t09:58:30.000 001D $03036:30-01-19 001U $0utf8 001X $00 002@ $0Aox 002C $aText $btxt $2rdacontent 002D $aohne Hilfsmittel zu benutzen $bn $2rdamedia 002E $aBand $bnc $2rdacarrier 003@ $0442079249 007A $0442079249 $aHEB 007T $0ArchMa26691 010@ $ager 011@ $a2016 021A $aErweiterung des Freihandbereichs für Benutzerfilme im Staatsarchiv Chemnitz 028A $BVerfasser $4aut $7143910566 $8Crabus, Tobias$Z1974- [Tp3] $923418986X 031A $e2 $h29 $j2016 039B $aEnthalten in $8--Abvc--. Sächsisches Archivblatt. - Dresden : Sächsisches Staatsarchiv, 1992-2021 $x201600000000002971 $9048627194 045T $a8,1 lok: 44207924 105 exp: 44207924 105 1 #EPN 201B/01 $030-01-19 $t16:28:11.000 201C/01 $030-01-19 201U/01 $0utf8 203@/01 $0104247155X 208@/01 $a13-12-18 $be 209A/01 $a/ $f106 $x00 245Z/01 $a2.16.04.04. $bArchivwissenschaft und Archivtheorie / Archivaliengattungen / Bild- und Tonträger / Filme $x01 245Z/01 $a3.15.02. $bArchivwesen des Bundes- und der deutschen Bundesländer / Sachsen / Archive und Archivbestände $x02 247C/01 $8->Marburg, Bibliographie zum Archivwesen der Archivschule Marburg $939588196X
| LEADER | 00000caa a22000002c 4500 | ||
|---|---|---|---|
| 001 | 442079249 | ||
| 003 | DE-603 | ||
| 005 | 20240904095830.0 | ||
| 007 | tu | ||
| 008 | 190130s2016 xx |||| | u00||u|ger c | ||
| 035 | |a (DE-599)HEB442079249 | ||
| 040 | |a DE-603 |b ger |c DE-603 |d DE-603 | ||
| 041 | |a ger | ||
| 084 | |a 8,1 |2 ssgn | ||
| 100 | 1 | |a Crabus, Tobias |d 1974- |e Verfasser |4 aut |0 (DE-603)23418986X |0 (DE-588)143910566 |2 gnd | |
| 245 | 0 | 0 | |a Erweiterung des Freihandbereichs für Benutzerfilme im Staatsarchiv Chemnitz |
| 264 | 0 | |c 2016 | |
| 336 | |a Text |b txt |2 rdacontent | ||
| 337 | |a ohne Hilfsmittel zu benutzen |b n |2 rdamedia | ||
| 338 | |a Band |b nc |2 rdacarrier | ||
| 773 | 0 | 8 | |i Enthalten in |t Sächsisches Archivblatt |d Dresden : Sächsisches Staatsarchiv, 1992-2021 |h 30 cm |g Heft 2 (2016), Seite 29 |w (DE-603)048627194 |w (DE-600)1151016-X |
| 924 | 0 | |9 - |a (DE-603)104247155X |b DE- |c HES |d d |g / | |